Second international symposium on the development of new floricultural crops
I tiakina i:
| Ngā kaituhi matua: | , |
|---|---|
| Hōputu: | Pukapuka |
| Reo: | Ingarihi |
| I whakaputaina: |
Wageningen
ISHS
1993
|
| Rangatū: | Acta Horticulturae, 337
|
| Ngā marau: | |
| Ngā Tūtohu: |
Tāpirihia he Tūtohu
Kāore He Tūtohu, Me noho koe te mea tuatahi ki te tūtohu i tēnei pūkete!
|
MARC
| LEADER | 00000nam a2200000 a 4500 | ||
|---|---|---|---|
| 001 | UCX8524 | ||
| 003 | CL-VaPUC | ||
| 005 | 20211204074437.0 | ||
| 008 | 940412e19930000ne 1 eng d | ||
| 082 | 0 | 4 | |a 635.9 |b ROH |2 21 |
| 100 | 1 | |a Roh, Mark S |e author |9 616944 | |
| 700 | 1 | |a Lawson, Roger H |e author |9 616945 | |
| 245 | 1 | 0 | |a Second international symposium on the development of new floricultural crops |
| 260 | |a Wageningen |b ISHS |c 1993 | ||
| 300 | |a 216 p | ||
| 490 | 0 | |a Acta Horticulturae, 337 | |
| 583 | |a last modification |c 20190821 08:58:03 |k Rodrigo Vera | ||
| 650 | 0 | 0 | |a Floricultura |9 264401 |
| 942 | |c BK | ||
| 945 | |a mfernand |d 19940412 00:00:00 | ||
| 546 | |a En Inglés | ||
| 536 | |a ISHS | ||
| 518 | |p International Symposium on the Development of New Floricultural Crops, 2, Baltimore, 1991 | ||
| 999 | |c 382206 |d 382204 | ||